Obsada filmu "Kiler" (1997) - Statystyki

Ogólne statystyki
  • Ten quiz został rozwiązany 70 razy
  • Średni wynik to 8 z 10
Statystyki odpowiedzi
rola Nazwisko aktora % Poprawnych
Jerzy Kiler Cezary Pazura
100%
Komisarz Ryba Jerzy Stuhr
94%
Ewa Szańska Małgorzata Kożuchowska
92%
reżyseria Juliusz Machulski
89%
Stefan "Siara" Siarzewski Janusz Rewiński
85%
Ryszarda Siarzewska Katarzyna Figura
85%
Nadinspektor Zenek Jan Machulski
84%
Ferdynand Lipski Jan Englert
82%
Wąski Krzysztof Kiersznowski
61%
Mieczysław Klonisz Marek Kondrat
60%
Nie znaleziono quizów pasujących do podanych kryteriów
Rozkład punktacji
Procent ludzi z każdym wynikiem
Percentyl według liczby udzielonych odpowiedzi
Twoja historia wyników
Nie rozwiązałeś tego quizu